Maisie Peters - The Song - Statistics

General Stats
  • This quiz has been taken 21 times
  • The average score is 358 of 378
Answer Stats
Answer % Correct
a
100%
actually
100%
and
100%
And
100%
be
100%
by
100%
By
100%
could
100%
don’t
100%
don’t,
100%
end
100%
ever,
100%
ever
100%
fall
100%
feels
100%
forever
100%
gonna
100%
got
100%
I
100%
I’m
100%
is
100%
It
100%
it
100%
I’ve
100%
know
100%
like
100%
Like
100%
love
100%
My
100%
my
100%
not
100%
now,
100%
now
100%
Now
100%
of
100%
on
100%
one
100%
out
100%
out,
100%
So
100%
song
100%
that
100%
the
100%
this
100%
to
100%
want
100%
was
100%
we
100%
were
100%
Wish
100%
you
100%
You
100%
your
100%
you’re
100%
You’re
100%
17
91%
all
91%
at
91%
been
91%
broke
91%
but
91%
But
91%
‘Cause
91%
guess
91%
haven’t
91%
his
91%
idea
91%
it’s
91%
literally
91%
look
91%
me
91%
nose
91%
obsessed
91%
obsessed,
91%
older
91%
over
91%
perfect,
91%
perfect
91%
poetry
91%
really
91%
ring
91%
shit
91%
still
91%
thing
91%
things
91%
thought
91%
up
91%
up,
91%
with
91%
With
91%
wrong
91%
call
82%
drunk,
82%
everyone
82%
fucking
82%
Give
82%
gotten
82%
grow
82%
happy
82%
how
82%
minute,
82%
minute
82%
months
82%
peace
82%
pictures
82%
see
82%
Since
82%
songs
82%
stoner
82%
telling
82%
these
82%
throw
82%
Time
82%
told
82%
truth
82%
turn,
82%
wanna
82%
wasn’t
82%
wrote
82%
die
73%
holding
73%
into
73%
life
73%
might’ve
73%
once
73%
should
73%
trying
73%
turned
73%
ways
73%
whole
73%
young
73%
moment
64%
show
64%
parties
55%
reach
55%
No matching quizzes found
Score Distribution
Percent of People with Each Score
Percentile by Number Answered
Your Score History
You have not taken this quiz